Việt Nam - những vùng địa linh nhân kiệt : Miền Nam

Nội dung sách giới thiệu những vùng đất đã sản sinh ra nhiều người con kiệt xuất, có đóng góp quan trọng đối với đất nước từ ngày khai sinh mở cõi đến nay trên mọi phương diện lịch sử, văn hoá, quân sự, kinh tế, khoa học.... của các tỉn...

Full beskrivning

Sparad:
Bibliografiska uppgifter
Materialtyp: Bok
Språk:Undetermined
Publicerad: Hà Nội Khoa học - Xã hội 2013
Ämnen:
Taggar: Lägg till en tagg
Inga taggar, Lägg till första taggen!
Thư viện lưu trữ: Trung tâm Học liệu Trường Đại học Cần Thơ
LEADER 01154nam a2200217Ia 4500
001 CTU_206528
008 210402s9999 xx 000 0 und d
020 |c 106000 
082 |a 959.7092 
082 |b V308 
245 0 |a Việt Nam - những vùng địa linh nhân kiệt : 
245 0 |b Miền Nam 
245 0 |c Nguyễn Ngọc Thanh (chỉ đạo biên soạn) ; Vũ Thị Hằng, Lường Ngọc Ánh, Phạm Hà Xuyên (biên soạn) 
260 |a Hà Nội 
260 |b Khoa học - Xã hội 
260 |c 2013 
520 |a Nội dung sách giới thiệu những vùng đất đã sản sinh ra nhiều người con kiệt xuất, có đóng góp quan trọng đối với đất nước từ ngày khai sinh mở cõi đến nay trên mọi phương diện lịch sử, văn hoá, quân sự, kinh tế, khoa học.... của các tỉnh Miền Nam. 
650 |a Vietnam,Biographical sources,Việt Nam,Nguồn tiểu sử 
650 |x History,Lịch sử 
904 |i Qhieu 
980 |a Trung tâm Học liệu Trường Đại học Cần Thơ